Normal view
MARC view
- Guide Name:Sahastrabuddhe Swati
Entry Personal Name
001 - CONTROL NUMBER
- control field: 209886
003 - CONTROL NUMBER IDENTIFIER
- control field: OSt
005 - DATE AND TIME OF LATEST TRANSACTION
- control field: 20250110171424.0
008 - FIXED-LENGTH DATA ELEMENTS
- fixed length control field: 250110|| aca||aabn | a|a d
040 ## - CATALOGING SOURCE
- Original cataloging agency: OSt
- Transcribing agency: OSt
100 ## - HEADING--PERSONAL NAME
- Personal name: Guide Name:Sahastrabuddhe Swati
670 ## - SOURCE DATA FOUND
- Source citation: Work cat.: (OSt)363077: Someshwar Nirali 182216, Dance Academy, 1999